Представление документа в формате MARC21

Поле Инд. ПП Название Значение
Тип записи a
Библиографический уровень m
001 Контрольный номер RU/IS/BASE/115294295
005 Дата корректировки 20250627153903.5
008 Кодируемые данные 20030827
022 0_ a ISSN 0321-1878
041 0_ a Код языка текста rus
084 a Индекс другой классификации/Индекс ББК 84(2=411.2)6; 84(4Вел)6; 83.3(2=411.2)6; 63.3(2)6-7
090 a Полочн. индекс 95.2
097 00 a 110
245 00 a Заглавие Звезда
b Продолж. заглавия ежемесячный литературно-художественный и общественно-политический независимый журнал
c Ответственность учредитель: АОЗТ "Журнал "Звезда"; соред. А. Ю. Арьев, Я. А. Гордин
n Номер части/ раздела №6/1996
260 00 a Место издания Санкт-Петербург
b Издательство Звезда
c Дата издания 1996
300 a Объем 240 с.
500 00 a Примечание Журнал
505 0_ a Форматированное содержание "Реанимация" как синоним реставрации
b Автор Иванов Б. И.
505 0_ a Форматированное содержание Горячие токи бунтуют в крови...
b Автор Эмис К.
n Доп. информация Рассказ
505 0_ a Форматированное содержание Из семейной переписки А. А. Ахматовой
505 0_ a Форматированное содержание Казнен по приговору Брест-Литовского мира
b Автор Смирнов А. А.
505 0_ a Форматированное содержание Как было разрушено "Министерство правды": советская цензура эпохи гласности и перестройки (1985-1991)
b Автор Блюм А. В.
505 0_ a Форматированное содержание Красота и мир
b Автор Парамонов Б. М.
505 0_ a Форматированное содержание Пенсионеры и пенсии. Как жить дальше?
b Автор Петров Ю. П.
505 0_ a Форматированное содержание Письма из Устюжны
b Автор Судаков В. С.
505 0_ a Форматированное содержание Стихи
b Автор Барскова П. Ю.
505 0_ a Форматированное содержание Стихи
b Автор Давыдов Б. С.
505 0_ a Форматированное содержание Стихи
b Автор Леонтьев А. Ю.
505 0_ a Форматированное содержание Стихи
b Автор Русаков В. Е.
505 0_ a Форматированное содержание Судьба Василия Комовского. Из истории российского инакомыслия
b Автор Равич Л. М.
505 0_ a Форматированное содержание Труп твоего врага
b Автор Панин М. М.
n Доп. информация Роман
505 0_ a Форматированное содержание Что читали в русской провинции в 1995 г
b Автор Борисова О. А.
b Автор Муравьева Е.
n Доп. информация Продолжение разговора
505 0_ a Форматированное содержание Экспедиция в резиденцию Шамиля Дарго (1845 г.)
b Автор Лисицына Г. Г.
n Доп. информация Воспоминания неизвестного участника Даргинской экспедиции 1845 г.
600 14 a Персоналии Ахматова Анна Андреевна
a Персоналии Дарго Шамиль
a Персоналии Комовский Василий Дмитриевич
a Персоналии Щастный Алексей Михайлович
650 04 a Основная рубрика литературоведение
a Основная рубрика художественная литература
653 0_ a Ключевые слова XIX век
a Ключевые слова XX век
a Ключевые слова английская литература
a Ключевые слова Даргинская экспедиция 1845
a Ключевые слова история
a Ключевые слова Кавказ
a Ключевые слова культура
a Ключевые слова литературная критика
a Ключевые слова новейшее время
a Ключевые слова новое время
a Ключевые слова пенсии
a Ключевые слова перестройка
a Ключевые слова российский флот
a Ключевые слова Россия
a Ключевые слова русская литература
a Ключевые слова советская цензура
a Ключевые слова советский период
a Ключевые слова Устюжна
a Ключевые слова философские проблемы
700 12 a Автор Гордин Я. А.
e Роль лиц редактор
700 12 a Автор Арьев А. Ю.
e Роль лиц редактор
700 12 a Автор Давыдов Б. С.
q Полное имя Давыдов Борис Соломонович
700 12 a Автор Русаков В. Е.
q Полное имя Русаков Василий Евгеньевич
700 12 a Автор Леонтьев А. Ю.
q Полное имя Леонтьев Александр Юрьевич
700 12 a Автор Панин М. М.
q Полное имя Панин Михаил Михайлович
700 12 a Автор Барскова П. Ю.
q Полное имя Барскова Полина Юрьевна
700 12 a Автор Эмис К.
q Полное имя Эмис Кингсли
700 12 a Автор Равич Л. М.
q Полное имя Равич Любовь Моисеевна
700 12 a Автор Лисицына Г. Г.
q Полное имя Лисицына Галина Георгиевна
700 12 a Автор Смирнов А. А.
q Полное имя Смирнов Александр Александрович
700 12 a Автор Петров Ю. П.
q Полное имя Петров Юрий Петрович
700 12 a Автор Судаков В. С.
q Полное имя Судаков Василий Сергеевич
700 12 a Автор Блюм А. В.
q Полное имя Блюм Арлен Викторович
700 12 a Автор Иванов Б. И.
q Полное имя Иванов Борис Иванович
700 12 a Автор Парамонов Б. М.
q Полное имя Парамонов Борис Михайлович
700 12 a Автор Борисова О. В.
q Полное имя Борисова Ольга Владимировна
700 12 a Автор Козова Е.
e Роль лиц переводчик
q Полное имя Козова Елена
700 12 a Автор Зыков Л. А.
e Роль лиц автор публикации; автор вступительной заметки; автор примечаний
700 12 a Автор Трифонов В. А.
e Роль лиц автор вступительной заметки; автор подготовки текста
773 18 w Контрольный № источника RU/IS/BASE/408119542
901 t Тип документа s
952 a Тип литературы для КСУ ВШ ЛХЖ